Statistics for Name a Valid Country on Each River

Click here to take the quiz!

General Stats

  • This quiz has been taken 123 times
  • The average score is 16 of 20

Answer Stats

River Countries % Correct
NileEgypt | Sudan | South Sudan | Uganda
100%
AmazonBrazil | Peru
100%
RhineNetherlands | Germany | France | Austria | Liechtenstein | Switzerland
99%
MekongChina | Myanmar | Laos | Thailand | Cambodia | Vietnam
98%
DanubeRomania | Ukraine | Moldova | Serbia | Croatia | Hungary | Slovakia | Austria | Germany
97%
EuphratesIraq | Syria | Turkey
95%
ZambeziMozambique | Zambia | Zimbabwe | Botswana | Namibia | Angola | D.R. Congo
95%
Rio GrandeUnited States | Mexico
95%
IndusPakistan | India | China
94%
St. LawrenceUnited States | Canada
93%
BrahmaputraBangladesh | India | China
87%
ParanaArgentina | Paraguay | Brazil
78%
DniperUkraine | Belarus | Russia
77%
RhôneFrance | Switzerland
75%
AmurRussia | China
67%
OrinocoVenezuela | Colombia
65%
LimpopoMozambique | Zimbabwe | Botswana | South Africa
64%
TagusPortugal | Spain
47%
DravaCroatia | Hungary | Slovenia | Austria | Italy
36%
Syr DaryaKazakhstan | Uzbekistan | Tajikistan | Kyrgyzstan
31%

Score Distribution

Percentile by Number Answered

Percent of People with Each Score

Your Score History

You have not taken this quiz